00678nam a22001217a 4500008004100000020001500041050002900056245035100085260004300436300002500479440003500504800001700539140822b xxu||||| |||| 00| 0 eng d a0406091552 aKD277.7.L39(1888 vol.20) aThe Law Reports (1888 vol.20) Queen's Bench Division: Under the superintendence and control of the incorporated council of law reporting for england and wales. Supreme court of judicature cases determined in the queen's bench division and on appeal therefrom in the court of appeal, and decision on crown cases reserved. /cEdited by A. P. Stone. aLondon:bButterworth & Co. Ltd,c1888. axviii, 839p.:c24cm. pQueen's Bench Divisionvvol 20 aStone, A. P.